| 000 | 00387nam a2200157Ia 4500 | ||
|---|---|---|---|
| 008 | 230917s9999||||xx |||||||||||||| ||und|| | ||
| 020 | _cRS45 | ||
| 040 |
_e20981 _aMAIN |
||
| 041 | _aEnglish | ||
| 082 | _a514 J781I | ||
| 100 | _aJoshi, K D | ||
| 245 | 0 | _aIntroduction to general topology (revised) | |
| 260 |
_aNew Delhi _bWiley Eastern _c1988 |
||
| 300 | _axii, 412 p. | ||
| 942 | _cBK | ||
| 999 |
_c71203 _d71203 |
||